Statistics for European Geography A-Z #2 (harder)

Click here to take the quiz!

General Stats

  • This quiz has been taken 1,383 times
  • The average score is 10 of 26

Answer Stats

hintanswer% Correct
TRomanian region associated with vampiresTransylvania
79%
Ebecame independent in 1920 and 1991Estonia
75%
Ronce home of the ColossusRhodes
66%
Vhome of Schönbrunn and Hofburg PalacesVienna
62%
GGeneva, in FrenchGenève
60%
Cwesternmost English countyCornwall
59%
MPortuguese archipelago and tourist destinationMadeira
52%
UDutch capital of Utrecht provinceUtrecht
52%
YCrimean port and resort cityYalta
45%
IParis's regionÎle-de-France
43%
WBritish home of the WanderersWolverhampton
38%
A1920 summer Olympic venueAntwerp
36%
FScottish bridge, crossing the Firth of the same nameForth Bridge
36%
OHungary's prime minister since 2010Viktor {Orbán}
36%
LItalian region containing RomeLazio
35%
SIreland's longest riverShannon
33%
PCzech city, home of Pilsner beerPlzeň
32%
HGerman kingdom until 1866Hanover
26%
Jmountain range bordering France and SwitzerlandJura
26%
Kcity of Reykjavík's airportKeflavík
21%
QFrench street by a river. eg ___ d'Orsayquai
21%
Bknown as Pressburg until 1919Bratislava
20%
NNorway's North Cape, in NorwegianNordkapp
13%
Zbecame IJsselmeer when it was filled inZuiderzee
12%
XGerman city, 20 km from NetherlandsXanten
9%
DSan Marino's largest cityDogana
4%

Score Distribution

Percentile by Number Answered

Percent of People with Each Score

Your Score History

You have not taken this quiz